000 00667nam a2200205 ar4500
001 4043
005 20221127090851.0
008 141215s xxk a 00110|eng d
020 _a9781292026145(v.1 : pbk) :
_cSR295.00
082 0 4 _a005.5
_bEx74 2014
245 0 0 _aExploring Microsoft Office 2010.
_nVol. 1 /
_c[Robert T. Grauer ... [et al.]].
250 _a2nd ed.
260 _aHarlow, England :
_bPearson Education,
_c2014.
300 _aii, 1104 p. :
_bcol. ill. ;
_c28 cm.
_e4CD-ROM(4 3/4 in.).
500 _aIncludes index.
650 4 _aMicrosoft Office.
650 4 _aMicrosoft Access.
650 4 _aBusiness
_xComputer programs.
700 0 _aGrauer, Robert T.
999 _c4041
_d4041